Southville International School and Colleges
Your cart is empty.
  • Cart
  • Lists
    Public lists Eva Luna New books Lux_list list_1
    Your lists Log in to create your own lists
  • Log in to your account
  • Your cookies
  • Search history
Southville International School and Colleges
  • Advanced search
  • Recent comments
  • Most popular
  • Libraries

Log in to your account

Log in with GOOGLE


If you do not have an external account, but do have a local account, you can still log in:

  1. Home
  2. MARC view: The War of the worlds
Normal view MARC view ISBD view

The War of the worlds (Record no. 368686)

[ view plain ]
MARC details
000 -LEADER
fixed length control field 00489nam a22001697a 4500
003 - CONTROL NUMBER IDENTIFIER
control field 0
005 - DATE AND TIME OF LATEST TRANSACTION
control field 20260113090149.0
008 - FIXED-LENGTH DATA ELEMENTS--GENERAL INFORMATION
fixed length control field 260113b xxu||||| |||| 00| 0 eng d
020 ## - INTERNATIONAL STANDARD BOOK NUMBER
International Standard Book Number 978-971-518-576-9
082 ## - DEWEY DECIMAL CLASSIFICATION NUMBER
Classification number CL
Item number We453 2011
100 ## - MAIN ENTRY--PERSONAL NAME
Personal name Wells, H.G.
245 ## - TITLE STATEMENT
Title The War of the worlds
Statement of responsibility, etc H.G. Wells
260 ## - PUBLICATION, DISTRIBUTION, ETC. (IMPRINT)
Place of publication, distribution, etc Quezon City, Philippines :
Name of publisher, distributor, etc Precious Pages Corporation,
Date of publication, distribution, etc 2011.
300 ## - PHYSICAL DESCRIPTION
Extent 128 pages :
Other physical details colored illustrations,
Dimensions 20 cm.
650 ## - SUBJECT ADDED ENTRY--TOPICAL TERM
Topical term or geographic name as entry element Classic book.
942 ## - ADDED ENTRY ELEMENTS (KOHA)
Source of classification or shelving scheme Dewey Decimal Classification
Koha item type Books
Holdings
Withdrawn status Lost status Source of classification or shelving scheme Damaged status Home library Current library Shelving location Date acquired Source of acquisition Sub Shelving location Total Checkouts Full call number Barcode Date last seen Price effective from Koha item type
    Library of Congress Classification   Munich Library Munich Library Classic Section 01/13/2026 Library Fund     CL We453 2011 M9269 01/13/2026 01/13/2026 Books

The War of the worlds

APA

Wells H., . (2011). The War of the worlds. Quezon City, Philippines: Precious Pages Corporation.

Chicago

Wells H.G, . 2011. The War of the worlds. Quezon City, Philippines: Precious Pages Corporation.

Harvard

Wells H., . (2011). The War of the worlds. Quezon City, Philippines: Precious Pages Corporation.

MLA

Wells H.G, . The War of the worlds. Quezon City, Philippines: Precious Pages Corporation. 2011.

  • Place hold
  • Print
  • Cite
  • Add to your cart (remove)
  • Save record
    BIBTEX Dublin Core MARCXML MARC (non-Unicode/MARC-8) MARC (Unicode/UTF-8) MARC (Unicode/UTF-8, Standard) MODS (XML) RIS
  • More searches
    Search for this title in:
    Other Libraries (WorldCat) Other Databases (Google Scholar) Online Stores (Bookfinder.com) Open Library (openlibrary.org)

Exporting to Dublin Core...

SOUTHVILLE LIBRARY

Southville International School and Colleges Library

1281 Tropical Ave. Cor. Luxembourg St., BF Homes International, Las Pinas City

Tel. No. 8256374 / 252358 Loc. 117/146

Powered by Koha